000 00603nam a2200205Ii 4500
003 JO-AjNU
008 230605s9999||||xx |||||||||||||| ||und||
040 _aJO-AjNU
_bara
_erda
_cJO-AjNU
041 _aara
050 1 4 _aBP134.P745.S5 1989
100 3 _aشلبي، محمود,
_eauthor
_97424
245 0 0 _aحياة موسى
250 _aط2
264 3 1 _aبيروت: دار الجيل، 1989
300 _a550ص
336 _atext
_btxt
_2rdacontent
337 _aunmediated
_bn
_2rdamedia
338 _avolume
_bnc
_2rdacarrier
650 4 _aتراجم- حياة موسى علية السلام
_97425
999 _aA272
_c3840
_d3840